Biblioteca

Proverbs (Registro nro. 46820)

Detalles MARC
000 -LÍDER
Campo fijo de descripción fija 00971cam a2200325 i 4500
001 - NÚMERO DE CONTROL
Campo de control 20469
003 - IDENTIFICADOR DEL NÚMERO DE CONTROL
Campo de control CO-MdFUSB
005 - FECHA Y HORA DE LA ULTIMA TRANSACCIÓN
control field 20220701160904.0
008 - ELEMENTOS DE LONGITUD FIJA -- INFORMACIÓN GENERAL
Campo fijo de descripción fija -- Información general 160830b xxu||||| |||| 00| 0 eng d
020 ## - NÚMERO INTERNACIONAL NORMALIZADO PARA LIBROS
Número Internacional Normalizado del libro 978-0-8010-2692-8
040 ## - FUENTE DE CATALOGACIÓN
Agencia de catalogación original CO-MdFUSB
Idioma de catalogación Español
Agencia que realiza la transcripción CO-MdFUSB
Agencia que realiza la modificación CO-MdFUSB
Convenciones de la descripción rda
041 ## - CÓDIGO DE IDIOMA
Código de idioma para texto/pista de sonido o título separado eng
082 ## - NÚMERO DE CLASIFICACIÓN DECIMAL DEWEY
Número de la edición del Dewey 24
Número de clasificación 223.707
Clave de autor-Numero de item L85b
100 1# - ASIENTO PRINCIPAL--NOMBRE PERSONAL
Nombre personal Longman III, Tremper
Fechas asociadas con el nombre autor
245 10 - TÍTULO
Título del Material Proverbs
Mención de responsabilidad, etc. / Tremper Longman III
264 ## - PRODUCCIÓN, PUBLICACIÓN, DISTRIBUCIÓN, MANUFACTURA, Y COPYRIGHT
Lugar de producción, publicación, distribución, manufactura Grand Rapids, Michigan :
Nombre del productor, publicador, distribuidor Baker Academic,
Fecha de producción, publicación, distribución, manufactura, o copyright 2006
300 ## - DESCRIPCIÓN FÍSICA
Extensión 608 páginas
Dimensiones ;
336 ## - TIPO DE CONTENIDO
Fuente rdacontent
337 ## - TIPO DE MEDIO
Fuente rdamedia
338 ## - TIPO DE SOPORTE
Fuente rdacarrier
490 ## - MENCIÓN DE SERIE
Mención de serie Baker Commentary on the Old Testament
500 ## - NOTA GENERAL
Nota General Incluye índices (p. 594-608)
501 ## - NOTA DE “CON”
Nota de Contenido Pasta dura
505 ## - NOTA DE CONTENIDO
Nota de contenido con formato preestablecido Comentario sobre el libro de Proverbios
630 07 - TITULO UNIFORME
Título uniforme Biblia.
Nombre de parte o sección de la obra Antiguo Testamento
630 #7 - TITULO UNIFORME
Título uniforme Biblia.
Nombre de parte o sección de la obra Proverbios
Subdivisión de materia general Crítica, interpretación, etc.
942 ## - TIPO DE MATERIAL (KOHA)
Tipo de Item KOHA Libros de Referencia
945 ## - INFORMACIÓN LOCAL DEL REGISTRO
Catalogador JTF-925
Existencias
Estado de Material Estado de Perdido Forma de Clasificación Estado de Dañado No para Préstamo Colección Tomo Biblioteca de Origen Biblioteca Permanente Fecha de Adquisición Total de Préstamos Signatura Topográfica Código de Barras Última vez visto Última vez Préstado Ejemplar/Existencia Fecha de Remplazo Tipo de Material
    Dewey Decimal Classification     Colección de Referencia   Biblioteca FUSBC Biblioteca FUSBC 28/07/2015 2 R 223.707 L85p 20396 01/04/2025 24/06/2021 Ej. 1 26/01/2016 Libros de Referencia

Biblioteca FUSBC | Teléfono: (57+4) 349 88 10 Ext. 141| WhatsApp (+57) 3005338115 
E-mail: biblioteca@unisbc.edu.co | Calle 76 87-14 Robledo Palenque, Medellín, Colombia

Con tecnología Koha